Les films dans lesquels Rami Malek a joué - Statistiques

Statistiques générales
  • Ce quiz a été pris 4 fois
  • Le résultat moyen est 7 sur 22
Statistiques - réponses
Année de sortie Film % Correct
2018 Bohemian Rhapsody
75%
2007 La Nuit au musée
50%
2009 La Nuit au musée 2
50%
2014 La Nuit au musée: Le Secret des Pharaons
50%
2012 Twilight, chapitre V: Hésitation
50%
2022 Amsterdam
25%
2012 Battleship
25%
2016 Buster's Mal Heart
25%
2014 Da Sweet Blood of Jesus
25%
2011 Il n'est jamais trop tard
25%
2013 Les Amants du Texas
25%
2020 Le Voyage du Docteur Dolittle
25%
2021 Mourir peut attendre
25%
2014 Need for Speed
25%
2025 Nuremberg
25%
2013 Old Boy
25%
2023 Oppenheimer
25%
2017 Papillon
25%
201 States of Grace
25%
2025 The Amateur
25%
2012 The Master
25%
2021 Une affaire de détails
25%
Aucun quiz correspondant
Distribution des résultats
% des personnes avec chaque résultat
Percentile par nombre de réponses
Votre historique - résultats
Vous n’avez pas pris ce quiz